He walks in the midst. (Record no. 9008)

000 -LEADER
fixed length control field 00545nam a2200181 a 4500
001 - CONTROL NUMBER
control field :::00006789$&:&@@
003 - CONTROL NUMBER IDENTIFIER
control field OkBaRHE
005 - DATE AND TIME OF LATEST TRANSACTION
control field 20000607103333.0
008 - FIXED-LENGTH DATA ELEMENTS--GENERAL INFORMATION
fixed length control field s1967 j 000 0 eng u
040 ## - CATALOGING SOURCE
Transcribing agency
100 1# - MAIN ENTRY--PERSONAL NAME
Personal name Gentry, Gordon G.
245 10 - TITLE STATEMENT
Title He walks in the midst.
260 ## - PUBLICATION, DISTRIBUTION, ETC. (IMPRINT)
Place of publication, distribution, etc West Palm Beach, FL., :
Name of publisher, distributor, etc Christian Revivals Inc.
Date of publication, distribution, etc 1967
300 ## - PHYSICAL DESCRIPTION
Extent 77 p. ;
Dimensions 18 cm.
650 ## - SUBJECT ADDED ENTRY--TOPICAL TERM
Topical term or geographic name as entry element Theology
General subdivision Symbols
-- Light
942 ## - ADDED ENTRY ELEMENTS (KOHA)
Source of classification or shelving scheme
Koha item type Books
Copies
Date last seen Barcode Source of classification or shelving scheme Not for loan Withdrawn status Damaged status Full call number Date acquired Koha item type Copy number Permanent Location Lost status Shelving location Price effective from
2010-04-146789    BV 600 .G42010-04-14Books1RHEMA Bible Training College General Stacks2010-04-14